00345cam a22001332 4500001001100000005001700011008004100028040001500069050001900084100003300103245003100136260003300167300001100200000000122120151217155808.0070227s xx 000 0 eng d aKABUcKABU 0aGN70.8b.A1C371 aCarothers, J. C.@000014982614aThe Mind of man in Africa. aLondon :bTom Stacey,c1972. a192 p.